00709nam a2200205Ia 4500952013400000999001700134003000400151005001700155008004100172020001800213040000900231082001900240100002700259245009200286250001200378260004800390300000900438650001200447942004400459 00102ddc40708HISTORYaMESbMEScHISd2019-02-20g675.00l0o954.035 CHA/Ep35780r2019-02-20 00:00:00w2019-02-20yBKzGL37R1 c21526d21526OSt20200624132751.0190216s9999||||xx |||||||||||||| ||und|| a9780198071624 coclc a954.035bCHA/E aChandra, Sudhir 93193 0aEmergence Of National Consciousness In Later Nineteenth Century India /cSudhir Chandra a2nd Ed. bOxford University Press,c2011.aNew Delhi: a195p aHistory cBK2ddch954.035iCHA/Ek954.035mCHA/E